Zemný plyn vo svetovom hospodárstve bakalárska práca

Enregistré dans:
Détails bibliographiques
Auteur principal: Biznár, Jozef
Collectivité auteur: Fakulta medzinárodných vzťahov EU. Katedra medzinárodných ekonomických vzťahov a hospodárskej diplomacie
Autres auteurs: Ščepán, Michal
Format: Livre
Langue:slovaque
Publié: Bratislava 2011
Tags: Ajouter un tag
Pas de tags, Soyez le premier à ajouter un tag!

MARC

LEADER 00000nbm a2200000 4500
001 0131111
005 20161109111409.2
041 0 |a slo 
044 |a SK 
245 1 0 |a Zemný plyn vo svetovom hospodárstve  |b bakalárska práca  |c Jozef Biznár ; školiteľ: Michal Ščepán 
264 1 |a Bratislava  |c 2011 
300 |a 45 s. 
100 1 |a Biznár, Jozef 
700 1 |a Ščepán, Michal 
710 2 |a Fakulta medzinárodných vzťahov EU. Katedra medzinárodných ekonomických vzťahov a hospodárskej diplomacie